000 01184naa a22002777a 4500
001 BR6900698
003 BR-BrBNA
005 20240918173354.0
007 ta
008 230509b bl.||||| |||| 00| 0 por d
040 _aBR-BrBNA
_bpor
_cBiblioteca Nacional de Agricultura
041 _a(Pt)
072 _aL72
_b5120
_bG514
090 _aL72 BR6900698
100 1 _aBeck, A.A.H.
100 1 _aBeck, A.A.
111 1 _a7. e 8. Conferencias da Sociedade de Veterinaria do Rio Grande do Sul
_cPorto Alegre, RS (Brazil)
_d22-26 Jul 1968; 21-25 Jul 1969
245 1 _aIncidencia da Oxyurose equina em Santa Maria, Rio Grande do Sul [cavalo, Equus caballus, parasito de animal, Oxyuris equi, Brasil]
260 3 _aPorto Alegre, RS (Brasil):
_c1969.
500 _aAnais da 7. e 8. Conferencias da Sociedade de Veterinaria do Rio Grande do Sul Porto Alegre, RS (Brasil): 1969. p. 221-224 (BR6900698-AM)L72
650 _aPARASITO DE ANIMAL
650 _aCAVALO
773 0 _tAnais da 7. e 8. Conferencias da Sociedade de Veterinaria do Rio Grande do Sul
_wL72 BR6900698
_gPorto Alegre, RS (Brasil), 1969. p. 221-224
909 _a202404
_bLucia
_c55
_dLucia Elande
942 _cAM
_2AGRIS
999 _c304244
_d304244